000 00768nam a2200289Ia 4500
005 20260324115758.0
008 008 260324s9999 xx 000 0 eng d
020 _a9780429083891
037 _aEBOOK
040 _aCRL
040 _beng
040 _cCRL
041 _2eng
041 _aeng
084 _qCRL
100 _aRocky Termanini
_91154241
245 4 _aThe Cognitive Early Warning Predictive System Using the Smart Vaccine
245 4 _bThe New Digital Immunity Paradigm for Smart Cities and Critical Infrastructure
260 _bTaylor and Francis
260 _c2016
365 _a
365 _b260
856 _uhttp://www.taylorfrancis.com/books/9780429083891
942 _cEBOOK
999 _c1747095
_d1747095